000 006220000a22001930004500
090 _aAR
_b01051
245 1 0 _aOn the origins of the western slope region of endemism: systematics of fig-eating bats, genus Artibeus
650 1 4 _aFilogenética
_94310
650 1 4 _aMurciélagos
_92659
650 1 4 _aEvolución
_992797
650 1 4 _aSistemática animal
_992968
653 _gArtibeus
041 0 _aInglés
700 1 _aPacheco, Victor
_950367
700 1 _aAshley, Mary V.
_994262
100 1 _aPatterson, Bruce D.
_994263
942 _cARTICULO
773 1 _tMemorias del Museo de Historia Natural
_3379
_h21
_q189-205
_d1992
999 _c10139
_d10139